000 00313nam a22001457a 4500
008 210426b ||||| |||| 00| 0 eng d
020 _a9781853393860
041 _aeng
080 _8
_a94
082 _a94
100 _a16S
101 _aSHH
245 _aWhose Reality Counts?
_cChambers,R
942 _2udc
_cBK
999 _c56730
_d56730